Noise and Vibration in Practice peer-reviewed scientific proceedings : May 2015, Volume 20
| Corporate Author: | |
|---|---|
| Other Authors: | |
| Format: | Conference Proceeding Book |
| Language: | Slovak English Czech |
| PhysicalDescription: | 117 s. fotogr., grafy, sch., tab. 25 cm |
| Published: |
Bratislava
Slovak University of Technology, Mechanical engineering Faculty
2015
|
| ISBN: | 9788022743648 (brož.) |
| Edition: | 1st ed. |
| Subjects: |
MARC
| LEADER | 00000nam a2200000 a 4500 | ||
|---|---|---|---|
| 001 | vtls010692694 | ||
| 003 | SK-MaSNL | ||
| 005 | 20260301135237.0 | ||
| 008 | 160610s2015 xo oda frn 100 0 slo | ||
| 015 | |a SNBA2015/09 | ||
| 020 | |a 9788022743648 (brož.) | ||
| 035 | |a BBBAECD4-74BE-45C7-862E-EABD0C83D864 | ||
| 035 | |a urn:nbn:sk:snk-aml059 | ||
| 035 | |a urn:nbn:sk:snk-am008odj | ||
| 040 | |a SNK |b slo |c SNK |e AACR2 | ||
| 041 | 0 | |a eng |a slo |a cze | |
| 044 | |a xo |c SK | ||
| 072 | 7 | |a 534 |x Mechanické kmity. Akustika |2 konspekt | |
| 072 | 7 | |a 614 |x Verejné zdravie a hygiena |2 konspekt | |
| 080 | |a 534.835/.836 |2 2001 | ||
| 080 | |a 614.872 |2 2001 | ||
| 080 | |a 628.517.2 |2 2001 | ||
| 080 | |a 534-7 |2 2001 | ||
| 080 | |a 534.01 |2 2001 | ||
| 080 | |a 614.7 |2 2001 | ||
| 080 | |a (062.534) |2 2001 | ||
| 111 | 2 | |a Noise and Vibration in Practice |n (20. : |d 2015 : Bratislava, Slovensko) |9 490294 | |
| 245 | 1 | 0 | |a Noise and Vibration in Practice |b peer-reviewed scientific proceedings : May 2015, Volume 20 |c edited by Stanislav Žiaran |
| 246 | 1 | 1 | |a Hluk a kmitanie v praxi |
| 250 | |a 1st ed. | ||
| 260 | |a Bratislava |b Slovak University of Technology, Mechanical engineering Faculty |c 2015 | ||
| 300 | |a 117 s. |b fotogr., grafy, sch., tab. |c 25 cm | ||
| 500 | |a Náz. z obalu | ||
| 504 | |a Bibliogr. odkazy | ||
| 546 | |a Text slov. a čes., čiastočne angl. | ||
| 546 | |a Názvy súbežne angl. a slov. | ||
| 650 | 0 | 7 | |a hluk |2 SNKPH |9 3699 |
| 650 | 0 | 7 | |a protihlukové opatrenia |2 SNKPH |9 82770 |
| 650 | 0 | 7 | |a vibroakustika |2 SNKPH |9 18819 |
| 650 | 0 | 7 | |a kmitanie |2 SNKPH |9 3700 |
| 650 | 0 | 7 | |a environmentálna hygiena |2 SNKPH |9 67879 |
| 650 | 0 | 7 | |a Noise |2 SNKPHeng |9 331500 |
| 650 | 0 | 7 | |a Protection against noise |2 SNKPHeng |9 332472 |
| 650 | 0 | 7 | |a Vibro-acoustics |2 SNKPHeng |9 332473 |
| 650 | 0 | 7 | |a Oscillations |2 SNKPHeng |9 291778 |
| 650 | 0 | 7 | |a Environmental health |2 SNKPHeng |9 332475 |
| 655 | 7 | |a zborníky konferencií |2 SNKPH |9 70153 | |
| 655 | 7 | |a Proceedings of conferences |2 SNKPHeng |9 265791 | |
| 700 | 1 | |a Žiaran, Stanislav, |d 1948- |4 edt |9 219147 | |
| 852 | |a Štátna vedecká knižnica v Banskej Bystrici | ||
| 919 | |a 978-80-227-4364-8 | ||
| 958 | |a NB | ||
| 999 | |c 759539 |d 761469 | ||
| 952 | |a SNK |b SNK |y PREZ |7 0 |p 17A1168240 |o snkSC 165525 |i snk2015/21724 |8 0 |0 0 |1 0 |4 0 |d 2015-07-15 |f 1 |l 0 |r 2026-02-24 00:00:34 |w 2026-02-24 | ||
| 952 | |a SNK |b SNK |y VYP |7 0 |p 17A1168241 |o snkSC 165525 D1 |i snk2015/21726 |8 0 |0 0 |1 0 |4 0 |d 2015-07-15 |l 0 |r 2026-02-24 00:00:34 |w 2026-02-24 | ||


